Spell the Marvel Hero #108 - Statistics

General Stats
  • This quiz has been taken 15 times
  • The average score is 9 of 10
Answer Stats
Picture Answer % Correct
Ant-Man
100%
Doctor Strange
100%
Angel
92%
Elektra
92%
Emma Frost
92%
Boom-Boom
83%
Madame Web
83%
Mirage (Dani Moonstar)
75%
M (Monet St. Croix)
75%
War Machine
75%
No matching quizzes found
Score Distribution
Percent of People with Each Score
Percentile by Number Answered
Your Score History
You have not taken this quiz